01065cam a22002412 450000100060000000300080000600500170001400800390003103500190007004000370008904100110012608200160013710000580015324501630021126000420037430000330041660000750044960000730052470000560059794200120065399900170066595201410068218870BD-RjUL20211209000340.0140222s1966 ru ac b 000 0 eng a(BD-RjUL)18928 aDLCcDLCdOCLdEQOdBD-RjULbeng1 aengrus00a822.33bSAS1 aSamarin, R. M.q(Roman Mikhaĭlovich),d1911-95818810aShakespeare in the Soviet Union :ba collection of articles /cCompiled by Roman Samarin and Alexander Nikolyukin. Translated from the Russian by Avril Pyman. aMoscow :bProgress Publishers,c1966. a274 [1] p. :bili. ;c21 cm.10aShakespeare, William,d1564-1616xCriticism and interpretation.99330510aShakespeare, William,d1564-1616xAppreciationzSoviet Union.9581901 aNikoli͡ukin, A. N.q(Aleksandr Nikolaevich)958191 2ddccBK c18870d18870 00102ddc40718FICaRUCLbRUCLcReadingd1990-11-05eShawkat Osmang0.00l0o822.33 SAS 1966r2014-02-22 00:00:00tC-1w2014-02-22yBK